La hija de Cromwell (Record no. 164002)
[ view plain ]
| 000 -LEADER | |
|---|---|
| campo de control de longitud fija | 01236nam a22002535i 4500 |
| 001 - NÚMERO DE CONTROL | |
| campo de control | 164002 |
| 003 - IDENTIFICADOR DE NÚMERO DE CONTROL | |
| campo de control | ES-MaACL |
| 005 - FECHA Y HORA DE LA ÚLTIMA TRANSACCIÓN | |
| campo de control | 20251003185627.0 |
| 008 - DATOS DE LONGITUD FIJA--INFORMACIÓN GENERAL | |
| campo de control de longitud fija | 010511s1842 sp |||| | spa d |
| 040 ## - FUENTE DE CATALOGACIÓN | |
| Centro catalogador/agencia de origen | CCPB | B |
| Lengua de catalogación | spa |
| Centro/agencia transcriptor | CCPB | B |
| 080 ## - NÚMERO DE LA CLASIFICACIÓN DECIMAL UNIVERSAL | |
| Número de la Clasificación Decimal Universal | 821.133.1-23"18" |
| 100 1# - ENTRADA PRINCIPAL--NOMBRE DE PERSONA | |
| Nombre de persona | Balisson de Rougemont, Michel-Nicolas, |
| Fechas asociadas al nombre | 1781-1840 |
| 9 (RLIN) | 149495 |
| 245 13 - MENCIÓN DEL TÍTULO | |
| Título | La hija de Cromwell |
| Resto del título | : drama en un acto / |
| Mención de responsabilidad, etc. | escrito en francés por Rougemont ; (traducción de Isidoro Gil). |
| 260 ## - PUBLICACIÓN, DISTRIBUCIÓN, ETC. | |
| Lugar de publicación, distribución, etc. | Madrid : |
| Nombre del editor, distribuidor, etc. | [s.n., |
| Fecha de publicación, distribución, etc. | 1842?] ( |
| Fabricante | Imp. de F. Suárez) |
| 300 ## - DESCRIPCIÓN FÍSICA | |
| Extensión | 16 p. ; |
| Dimensiones | 26 cm. |
| 490 1# - MENCIÓN DE SERIE | |
| Mención de serie | Museo dramático ó Colección de comedias del teatro estrangero [sic], representadas en los principales de la corte ; |
| Designación de volumen o secuencia | 1 |
| 594 ## - Nota al título y mención de responsabilidad | |
| Nota al título y mención de responsabilidad | Título y autor tomado de principio del texto. |
| 596 ## - NOTA AL PIE DE IMPRENTA | |
| NOTA AL PIE DE IMPRENTA | Al inicio del texto consta: "Representado por primera vez en Madrid en el Teatro del Príncipe el día 27 de mayo de 1842" |
| 700 1# - ENTRADA AGREGADA--NOMBRE PERSONAL | |
| Nombre de persona | Gil y Baus, Isidoro, |
| Fechas asociadas al nombre | 1814-1866 |
| 9 (RLIN) | 56736 |
| 830 00 - PUNTO DE ACCESO ADICIONAL DE SERIE-TÍTULO UNIFORME | |
| Título uniforme | Museo dramático ó Colección de comedias del teatro estranjero representadas en los principales teatros de la corte |
| Designación de volumen o secuencia | 1 |
| 9 (RLIN) | 242030 |
| 852 ## - LOCALIZACIÓN | |
| Ubicación | ES-MaACL |
| Número de control de estantería | F-7488(6) |
| Nota libre | -- Enc. hol. en un vol. faciticio |
| Estatus retirado | Estado de pérdida | Estado de daño | No para préstamo | Colección | Biblioteca de origen | Biblioteca actual | Ubicación en estantería | Fecha de adquisición | Total de préstamos | Signatura topográfica completa | Código de barras | Visto por última vez | Precio de reemplazo | Tipo de ítem Koha |
|---|---|---|---|---|---|---|---|---|---|---|---|---|---|---|
| Libros del s. XIX | Biblioteca del Ateneo de Madrid | Biblioteca del Ateneo de Madrid | Depósito 2 | 17/01/2008 | F-7488(6) | 1171885 | 23/02/2023 | 23/02/2023 | Libro impreso antiguo |
